| 000 | 01247cam a2200325 a 4500 | ||
|---|---|---|---|
| 999 |
_c232967 _d232967 |
||
| 001 | 16256536 | ||
| 003 | Nust | ||
| 005 | 20180117090024.0 | ||
| 008 | 100528s2011 maua 001 0 eng | ||
| 010 | _a 2010022679 | ||
| 020 | _a9780262015073 (hbk. : alk. paper) | ||
| 020 | _a0262015072 (hbk. : alk. paper) | ||
| 020 | _a9780262516228 (pbk. : alk. paper) | ||
| 020 | _a0262516225 (pbk. : alk. paper) | ||
| 035 | _a(OCoLC)ocn636567840 | ||
| 040 |
_aDLC _cDLC _dYDX _dYDXCP _dBWX _dCDX _dDLC |
||
| 050 | 0 | 0 |
_aHB135 _b.M3698 2011 |
| 082 | 0 | 0 |
_a511/.8 _222 |
| 245 | 0 | 0 |
_aMathematics for economics / _cMichael Hoy ... [et al.]. |
| 250 | _a3rd ed. | ||
| 260 |
_aCambridge, Mass. : _bMIT Press, _cc2011. |
||
| 300 |
_axiv, 959 p. : _bill. ; _c24 cm. |
||
| 500 | _aIncludes index. | ||
| 650 | 0 | _aEconomics, Mathematical. | |
| 700 | 1 |
_aHoy, Michael, _d1953 September 22- |
|
| 906 |
_a7 _bcbc _corignew _d1 _eecip _f20 _gy-gencatlg |
||
| 942 |
_2ddc _cBK |
||